ბათუმის შოთა რუსთაველის სახელმწიფო უნივერსიტეტის ბიბლიოთეკა

ბიოეთიკა : (ბიბ.ჩანაწერი № 58525)

000 -ლიდერი
ფიქსირებული სიგრძის საკონტროლო ველი 01276nam a22002177a 4500
003 - საკონტროლო ნომრის იდენტიფიკატორი
საკონტროლო ველი Ge_BSU
005 - ბოლო ოპერაციის თარიღი და დრო
საკონტროლო ველი 20220524110824.0
008 - ფიქსირებული სიგრძის მონაცემთა ელემენტები - ზოგადი ინფორმაცია
ფიქსირებული სიგრძის საკონტროლო ველი 220524s2019 ge ||||| |||| 00| 0 geo d
020 ## - წიგნის საერთაშორისო სტანდარტული ნომერი
International Standard Book Number 9789941261923
041 ## - ენის კოდი
Language code of text/sound track or separate title geo
080 ## - უნივერსალური ათობითი კლასიფიკაციის ინდექსი
Universal Decimal Classification number 174:61(075.8)+614.253(075.8) მ-25
100 ## - მთავარი ჩანაწერი - პიროვნების სახელი
Personal name მამულაშვილი, ბელა
9 (RLIN) 628
245 ## - ცნობა სათაურის შესახებ
Title ბიოეთიკა :
Remainder of title [სახელმძღვანელო უმაღლესი და საშუალო სპეციალური სასწავლებლების სტუდენტებისათვის] /
Statement of responsibility, etc ბელა მამულაშვილი ; რედაქტორი რამაზ ხეცურიანი ; გარეკანის მხატვარი ნანა ვეკუა.
250 ## - გამოცემის ცნობა
Edition statement მე-17 განახლებული გამოცემა
264 ## - წარმოების, გამოცემის, დისტრიბუციის და სხვა ცნობები
გამოცემის, წარმოების, დისტრიბუციის... ადგილი თბილისი :
გამოცემის, წარმოების, დისტრიბუციის... სახელწოდება უნივერსალი,
გამოცემის, წარმოების, დისტრიბუციის... თარიღი 2019.
300 ## - ფიზიკური აღწერა
Extent 378 გვ. ;
Other physical details 20 სმ.
653 ## - INDEX TERM--UNCONTROLLED
Uncontrolled term ბიოეთიკა
700 ## - ADDED ENTRY--PERSONAL NAME
Personal name ხეცურიანი, რამაზ
Relator term რედაქტორი
9 (RLIN) 629
700 ## - ADDED ENTRY--PERSONAL NAME
Personal name ვეკუა, ნანა
Relator term გარეკანის მხატვარი
9 (RLIN) 630
942 ## - ADDED ENTRY ELEMENTS (KOHA)
Source of classification or shelving scheme
Koha item type წიგნი
ეგზემპლარები
ჩამოწერის სტატუსი დაკარგული ეგზემპლარის სტატუსი კლასიფიკაციის წყარო ან თაროზე გაწყობის სქემა დაზიანების სტატუსი არ გაიცემა მუდმივი მდებარეობა (დაცვის ადგილი) ამჟამინდელი ადგილსამყოფელი თაროზე განთავსების ადგილი შეძენის თარიღი ღირებულება, შესყიდვის ნორმალური ფასი სრული შენახვის შიფრი შტრიხკოდი ბოლო ოპერაციის თარიღი ეგზემპლარის მიმდევრობითი ნომერი (კეტერი?) ფასის ძალაში შესვლის თარიღი ეგზემპლარის სახეობა საჯარო შენიშვნა
          ბათუმის შოთა რუსთაველის სახელმწიფო უნივერსიტეტის მთავარი ბიბლიოთეკა ბათუმის შოთა რუსთაველის სახელმწიფო უნივერსიტეტის მთავარი ბიბლიოთეკა წიგნსაცავი 2022-05-24 20.00 174:61(075.8)+614.253(075.8) მ-25 62451 2022-05-24 62451 2022-05-24 წიგნი 20 ლ.